[Event "World Cup 2023 Open"]
[Site "Baku, Azerbaijan"]
[Date "2023.08.04"]
[Round "13.21"]
[White "Kollars Dmitrij (GER)"]
[Black "Ponomariov Ruslan (UKR)"]
[Result "1-0"]
[WhiteFideId "12909572"]
[BlackFideId "14103320"]
[WhiteElo "2618"]
[BlackElo "2664"]

1. e4 {[%clk 00:25:17]} {[%emt 00:00:01]} e5 {[%clk 00:25:19]} {[%emt
00:00:02]} 2. Nf3 {[%clk 00:25:26]} {[%emt 00:00:01]} Nc6 {[%clk 00:25:28]}
{[%emt 00:00:01]} 3. Bc4 {[%clk 00:25:35]} {[%emt 00:00:02]} Bc5 {[%clk
00:25:36]} {[%emt 00:00:02]} 4. c3 {[%clk 00:25:44]} {[%emt 00:00:01]} Nf6
{[%clk 00:25:45]} {[%emt 00:00:01]} 5. d3 {[%clk 00:25:52]} {[%emt 00:00:02]}
d6 {[%clk 00:25:52]} {[%emt 00:00:03]} 6. O-O {[%clk 00:25:58]} {[%emt
00:00:03]} a5 {[%clk 00:25:59]} {[%emt 00:00:04]} 7. Re1 {[%clk 00:25:47]}
{[%emt 00:00:21]} O-O {[%clk 00:26:00]} {[%emt 00:00:08]} 8. h3 {[%clk
00:25:50]} {[%emt 00:00:07]} h6 {[%clk 00:24:43]} {[%emt 00:01:29]} 9. d4
{[%clk 00:25:55]} {[%emt 00:00:05]} Bb6 {[%clk 00:23:50]} {[%emt 00:01:03]} 10.
Be3 {[%clk 00:26:01]} {[%emt 00:00:05]} Re8 {[%clk 00:21:46]} {[%emt 00:02:14]}
11. dxe5 {[%clk 00:25:25]} {[%emt 00:00:46]} Nxe5 {[%clk 00:21:27]} {[%emt
00:00:29]} 12. Nxe5 {[%clk 00:25:18]} {[%emt 00:00:17]} dxe5 {[%clk 00:21:35]}
{[%emt 00:00:02]} 13. Bxb6 {[%clk 00:25:10]} {[%emt 00:00:18]} cxb6 {[%clk
00:21:36]} {[%emt 00:00:10]} 14. Na3 {[%clk 00:23:28]} {[%emt 00:01:52]} Be6
{[%clk 00:21:40]} {[%emt 00:00:05]} 15. Qb3 {[%clk 00:22:27]} {[%emt 00:01:11]}
Qc7 {[%clk 00:21:39]} {[%emt 00:00:11]} 16. Rad1 {[%clk 00:22:10]} {[%emt
00:00:27]} Rac8 {[%clk 00:21:34]} {[%emt 00:00:15]} 17. Bxe6 {[%clk 00:20:56]}
{[%emt 00:01:24]} Rxe6 {[%clk 00:21:42]} {[%emt 00:00:01]} 18. Nb5 {[%clk
00:21:05]} {[%emt 00:00:01]} Qc5 {[%clk 00:21:40]} {[%emt 00:00:12]} 19. a4
{[%clk 00:20:36]} {[%emt 00:00:38]} g6 {[%clk 00:21:23]} {[%emt 00:00:28]} 20.
g3 {[%clk 00:19:45]} {[%emt 00:01:00]} Kg7 {[%clk 00:21:22]} {[%emt 00:00:11]}
21. Kg2 {[%clk 00:19:53]} {[%emt 00:00:02]} h5 {[%clk 00:20:56]} {[%emt
00:00:35]} 22. f3 {[%clk 00:18:31]} {[%emt 00:01:33]} h4 {[%clk 00:19:15]}
{[%emt 00:01:51]} 23. g4 {[%clk 00:18:11]} {[%emt 00:00:30]} Qe7 {[%clk
00:19:21]} {[%emt 00:00:04]} 24. Qa3 {[%emt 00:01:57]} Rc5 {[%clk 00:18:42]}
{[%emt 00:00:48]} 25. Rd3 {[%clk 00:16:20]} {[%emt 00:00:15]} Nh7 {[%clk
00:18:15]} {[%emt 00:00:37]} 26. b3 {[%clk 00:15:37]} {[%emt 00:00:53]} Ng5
{[%clk 00:17:39]} {[%emt 00:00:46]} 27. Qc1 {[%clk 00:15:06]} {[%emt 00:00:40]}
Qf6 {[%clk 00:15:54]} {[%emt 00:01:55]} 28. Red1 {[%clk 00:14:33]} {[%emt
00:00:44]} Re7 {[%clk 00:15:47]} {[%emt 00:00:18]} 29. Qe3 {[%clk 00:14:31]}
{[%emt 00:00:11]} Ne6 {[%clk 00:15:43]} {[%emt 00:00:14]} 30. Kh2 {[%clk
00:14:16]} {[%emt 00:00:25]} Rc6 {[%clk 00:12:25]} {[%emt 00:03:27]} 31. Rd6
{[%clk 00:13:43]} {[%emt 00:00:43]} Qf4+ {[%clk 00:11:44]} {[%emt 00:00:51]} 32.
Qxf4 {[%clk 00:13:52]} {[%emt 00:00:02]} exf4 {[%clk 00:11:53]} {[%emt
00:00:01]} 33. R1d5 {[%clk 00:12:15]} {[%emt 00:01:46]} Nc7 {[%clk 00:10:03]}
{[%emt 00:02:00]} 34. Nxc7 {[%clk 00:11:08]} {[%emt 00:01:17]} Rexc7 {[%clk
00:10:09]} {[%emt 00:00:04]} 35. c4 {[%clk 00:11:16]} {[%emt 00:00:03]} Rxd6
{[%clk 00:10:10]} {[%emt 00:00:09]} 36. Rxd6 {[%clk 00:11:25]} Rc6 {[%clk
00:10:18]} {[%emt 00:00:02]} 37. Rd5 {[%clk 00:10:19]} {[%emt 00:01:16]} Kf6
{[%clk 00:08:59]} {[%emt 00:01:28]} 38. Kg2 {[%emt 00:00:02]} Ke6 {[%clk
00:06:03]} {[%emt 00:03:05]} 39. Kf2 {[%clk 00:10:31]} {[%emt 00:00:06]} f6
{[%clk 00:05:48]} {[%emt 00:00:26]} 40. Ke2 {[%clk 00:10:36]} {[%emt 00:00:05]}
g5 {[%clk 00:05:44]} {[%emt 00:00:13]} 41. Kd3 {[%clk 00:10:05]} {[%emt
00:00:40]} Rc7 {[%clk 00:05:36]} {[%emt 00:00:19]} 42. Kc3 {[%clk 00:09:22]}
{[%emt 00:00:54]} Rc8 {[%clk 00:05:01]} {[%emt 00:00:45]} 43. Kd4 {[%clk
00:08:56]} {[%emt 00:00:36]} Rc6 {[%clk 00:04:51]} {[%emt 00:00:20]} 44. e5
{[%clk 00:07:11]} {[%emt 00:01:55]} fxe5+ {[%clk 00:04:35]} {[%emt 00:00:26]}
45. Rxe5+ {[%clk 00:07:20]} {[%emt 00:00:01]} Kf6 {[%clk 00:04:44]} 46. Rf5+
{[%clk 00:06:39]} {[%emt 00:00:51]} Kg6 {[%clk 00:04:52]} {[%emt 00:00:02]} 47.
Ke5 {[%clk 00:06:14]} {[%emt 00:00:34]} Rc5+ {[%clk 00:04:23]} {[%emt
00:00:39]} 48. Ke6 {[%clk 00:06:21]} {[%emt 00:00:02]} Rc7 {[%clk 00:03:27]}
{[%emt 00:01:07]} 49. Kd6 {[%clk 00:05:53]} {[%emt 00:00:38]} Rc8 {[%clk
00:03:02]} {[%emt 00:00:36]} 50. Kd7 {[%clk 00:05:50]} {[%emt 00:00:13]} Rc6
{[%clk 00:02:14]} {[%emt 00:00:58]} 51. Rd5 {[%clk 00:05:21]} {[%emt 00:00:39]}
Kf6 {[%clk 00:01:19]} {[%emt 00:01:06]} 52. Rd6+ {[%clk 00:03:47]} {[%emt
00:01:44]} Ke5 {[%clk 00:01:28]} 53. Rxc6 {[%clk 00:03:56]} bxc6 {[%clk
00:01:36]} 54. Kxc6 {[%clk 00:04:05]} {[%emt 00:00:01]} Kd4 {[%clk 00:01:46]}
{[%emt 00:00:01]} 55. Kxb6 {[%clk 00:04:12]} {[%emt 00:00:02]} Ke3 {[%clk
00:01:55]} 56. c5 {[%clk 00:04:21]} {[%emt 00:00:01]} Kxf3 {[%clk 00:02:04]}
{[%emt 00:00:01]} 57. c6 {[%clk 00:04:30]} Kg2 {[%emt 00:00:22]} 58. c7 {[%clk
00:04:39]} f3 {[%clk 00:02:02]} 59. c8=Q {[%clk 00:04:48]} f2 {[%clk 00:02:11]}
60. Qc6+ {[%clk 00:04:24]} {[%emt 00:00:34]} Kg1 {[%clk 00:02:01]} {[%emt
00:00:20]} 61. Qc5 {[%clk 00:04:19]} {[%emt 00:00:14]} Kg2 {[%emt 00:00:03]} 62.
Qd5+ {[%clk 00:04:28]} Kg1 {[%clk 00:02:08]} {[%emt 00:00:11]} 63. Qd4 {[%clk
00:04:22]} {[%emt 00:00:16]} Kg2 {[%emt 00:00:12]} 64. Qe4+ Kg1 {[%clk
00:02:14]} {[%emt 00:00:02]} 65. Qe3 {[%clk 00:04:40]} {[%emt 00:00:01]} Kg2
{[%emt 00:00:05]} 66. Qe2 {[%clk 00:04:49]} Kg1 {[%clk 00:02:07]} {[%emt
00:00:23]} 67. Kxa5 {[%clk 00:03:49]} {[%emt 00:01:10]} f1=Q {[%clk 00:02:15]}
{[%emt 00:00:02]} 68. Qxf1+ {[%clk 00:03:58]} {[%emt 00:00:02]} Kxf1 {[%clk
00:02:24]} {[%emt 00:00:01]} 69. b4 {[%clk 00:04:07]} Kg2 {[%clk 00:02:32]}
{[%emt 00:00:01]} 70. b5 {[%clk 00:04:16]} {[%emt 00:00:01]} Kxh3 {[%clk
00:02:41]} {[%emt 00:00:01]} 71. b6 {[%clk 00:04:26]} Kg2 {[%emt 00:00:11]} 72.
b7 {[%clk 00:04:35]} h3 {[%clk 00:02:50]} 73. b8=Q {[%clk 00:04:42]} {[%emt
00:00:02]} h2 {[%clk 00:02:59]} {[%emt 00:00:01]} 74. Kb4 {[%clk 00:04:14]}
{[%emt 00:00:37]} h1=Q {[%clk 00:03:04]} {[%emt 00:00:05]} 75. Qb7+ {[%clk
00:04:23]} {[%emt 00:00:02]} Kg1 {[%clk 00:03:12]} {[%emt 00:00:01]} 76. Qxh1+
{[%clk 00:04:31]} {[%emt 00:00:02]} Kxh1 {[%clk 00:03:21]} {[%emt 00:00:01]} 77.
a5 {[%clk 00:04:40]} {[%emt 00:00:01]} 1-0

[Event "World Cup 2023 Open"]
[Site "Baku, Azerbaijan"]
[Date "2023.08.04"]
[Round "13.23"]
[White "Bacrot Etienne (FRA)"]
[Black "Indjic Aleksandar (SRB)"]
[Result "1/2-1/2"]
[WhiteFideId "605506"]
[BlackFideId "911925"]
[WhiteElo "2662"]
[BlackElo "2619"]

1. e4 {[%clk 00:25:18]} e6 {[%clk 00:25:09]} {[%emt 00:00:12]} 2. d4 {[%clk
00:25:26]} {[%emt 00:00:02]} d5 {[%clk 00:25:16]} {[%emt 00:00:03]} 3. Nc3
{[%clk 00:25:34]} {[%emt 00:00:02]} Bb4 {[%clk 00:25:21]} {[%emt 00:00:04]} 4.
e5 {[%clk 00:25:42]} {[%emt 00:00:03]} c5 {[%clk 00:25:23]} {[%emt 00:00:07]} 5.
a3 {[%clk 00:25:50]} {[%emt 00:00:02]} Bxc3+ {[%clk 00:25:01]} {[%emt
00:00:32]} 6. bxc3 {[%clk 00:25:59]} {[%emt 00:00:02]} Ne7 {[%clk 00:25:01]}
{[%emt 00:00:09]} 7. Qg4 {[%clk 00:26:07]} {[%emt 00:00:02]} Qc7 {[%clk
00:24:29]} {[%emt 00:00:42]} 8. Qxg7 {[%clk 00:26:12]} {[%emt 00:00:05]} Rg8
{[%clk 00:24:36]} {[%emt 00:00:03]} 9. Qxh7 {[%clk 00:26:20]} {[%emt 00:00:02]}
cxd4 {[%clk 00:24:42]} {[%emt 00:00:04]} 10. Ne2 {[%clk 00:26:27]} {[%emt
00:00:03]} Nbc6 {[%clk 00:23:38]} {[%emt 00:01:14]} 11. Qd3 {[%clk 00:21:25]}
{[%emt 00:05:12]} dxc3 {[%clk 00:23:26]} {[%emt 00:00:22]} 12. Qxc3 {[%clk
00:20:54]} {[%emt 00:00:42]} Qxe5 {[%clk 00:22:58]} {[%emt 00:00:38]} 13. Qxe5
{[%clk 00:20:01]} {[%emt 00:01:03]} Nxe5 {[%clk 00:23:05]} {[%emt 00:00:02]} 14.
h4 {[%clk 00:19:10]} {[%emt 00:01:01]} f6 {[%clk 00:22:55]} {[%emt 00:00:20]}
15. Nd4 {[%clk 00:18:10]} {[%emt 00:01:10]} a6 {[%clk 00:22:27]} {[%emt
00:00:38]} 16. h5 {[%clk 00:16:38]} {[%emt 00:01:42]} Kf7 {[%clk 00:22:04]}
{[%emt 00:00:33]} 17. f3 {[%clk 00:14:45]} {[%emt 00:02:03]} Bd7 {[%clk
00:20:01]} {[%emt 00:02:14]} 18. Rb1 {[%clk 00:14:39]} {[%emt 00:00:15]} b5
{[%clk 00:20:08]} {[%emt 00:00:02]} 19. f4 {[%clk 00:11:30]} {[%emt 00:03:20]}
N5c6 {[%clk 00:19:45]} {[%emt 00:00:33]} 20. Nf3 {[%clk 00:09:52]} {[%emt
00:01:48]} Nf5 {[%clk 00:19:51]} {[%emt 00:00:04]} 21. Rh2 {[%clk 00:08:44]}
{[%emt 00:01:18]} Rg4 {[%clk 00:15:14]} {[%emt 00:04:46]} 22. Be2 {[%clk
00:08:39]} {[%emt 00:00:15]} Rg7 {[%clk 00:14:44]} {[%emt 00:00:36]} 23. g4
{[%clk 00:08:15]} {[%emt 00:00:38]} Nfd4 {[%clk 00:14:43]} {[%emt 00:00:06]} 24.
Nxd4 {[%clk 00:06:54]} {[%emt 00:01:36]} Nxd4 {[%clk 00:14:51]} {[%emt
00:00:02]} 25. Bd1 {[%clk 00:06:36]} {[%emt 00:00:28]} e5 {[%clk 00:14:06]}
{[%emt 00:00:55]} 26. h6 {[%clk 00:04:32]} {[%emt 00:02:14]} Rxg4 {[%clk
00:13:00]} {[%emt 00:01:15]} 27. Bxg4 {[%clk 00:04:40]} {[%emt 00:00:02]} Bxg4
{[%clk 00:13:08]} {[%emt 00:00:02]} 28. Kf2 {[%clk 00:04:49]} {[%emt 00:00:01]}
Rc8 {[%clk 00:13:17]} {[%emt 00:00:02]} 29. Rb2 {[%clk 00:03:21]} {[%emt
00:01:38]} e4 {[%clk 00:12:28]} {[%emt 00:00:59]} 30. a4 {[%clk 00:02:48]}
{[%emt 00:00:43]} Kg6 {[%clk 00:07:42]} {[%emt 00:04:57]} 31. axb5 {[%clk
00:02:56]} {[%emt 00:00:02]} axb5 {[%clk 00:07:47]} {[%emt 00:00:04]} 32. h7
{[%clk 00:01:14]} {[%emt 00:01:52]} Rh8 {[%clk 00:07:47]} {[%emt 00:00:10]} 33.
c3 {[%clk 00:01:09]} {[%emt 00:00:16]} Nf3 {[%clk 00:06:52]} {[%emt 00:01:05]}
34. Rh1 {[%clk 00:01:02]} {[%emt 00:00:17]} Rxh7 {[%clk 00:06:14]} {[%emt
00:00:48]} 35. Rxh7 {[%clk 00:01:10]} {[%emt 00:00:02]} Kxh7 {[%clk 00:06:23]}
{[%emt 00:00:01]} 36. Rxb5 {[%clk 00:01:18]} {[%emt 00:00:02]} d4 {[%clk
00:06:28]} {[%emt 00:00:05]} 37. cxd4 {[%clk 00:00:50]} {[%emt 00:00:39]} Nxd4
{[%clk 00:06:34]} {[%emt 00:00:02]} 38. Rb4 {[%clk 00:00:44]} {[%emt 00:00:17]}
Ne2 {[%clk 00:05:12]} {[%emt 00:01:33]} 39. Bb2 {[%clk 00:00:42]} {[%emt
00:00:12]} Kg6 {[%clk 00:04:30]} {[%emt 00:00:51]} 40. Ke3 {[%clk 00:00:18]}
{[%emt 00:00:34]} f5 {[%clk 00:04:11]} {[%emt 00:00:30]} 41. Rb6+ {[%clk
00:00:23]} {[%emt 00:00:05]} Kh5 {[%clk 00:04:09]} {[%emt 00:00:11]} 42. Be5
{[%clk 00:00:19]} {[%emt 00:00:15]} Ng3 {[%clk 00:03:09]} {[%emt 00:01:09]} 43.
Kf2 {[%clk 00:00:24]} {[%emt 00:00:05]} Nh1+ {[%clk 00:03:14]} {[%emt
00:00:04]} 44. Ke3 {[%clk 00:00:26]} {[%emt 00:00:10]} Ng3 {[%clk 00:03:16]}
{[%emt 00:00:07]} 45. Bc3 {[%clk 00:00:24]} {[%emt 00:00:12]} Bf3 {[%clk
00:02:43]} {[%emt 00:00:43]} 46. Rb8 {[%clk 00:00:19]} {[%emt 00:00:16]} Kg4
{[%clk 00:00:30]} {[%emt 00:02:21]} 47. Be1 {[%clk 00:00:16]} {[%emt 00:00:15]}
Nh5 {[%clk 00:00:31]} {[%emt 00:00:07]} 48. Rg8+ {[%clk 00:00:23]} {[%emt
00:00:04]} Kh3 {[%clk 00:00:39]} {[%emt 00:00:01]} 49. Rh8 {[%clk 00:00:19]}
{[%emt 00:00:15]} Kg2 {[%clk 00:00:41]} {[%emt 00:00:08]} 50. Rg8+ {[%clk
00:00:25]} {[%emt 00:00:05]} Bg4 {[%clk 00:00:49]} {[%emt 00:00:01]} 51. Bh4
{[%clk 00:00:21]} {[%emt 00:00:13]} Ng3 {[%clk 00:00:30]} {[%emt 00:00:29]} 52.
Bxg3 {[%clk 00:00:21]} {[%emt 00:00:11]} Kxg3 {[%clk 00:00:36]} {[%emt
00:00:02]} 53. Ra8 {[%clk 00:00:30]} {[%emt 00:00:03]} Bh3 {[%clk 00:00:37]}
{[%emt 00:00:09]} 54. Ra1 {[%clk 00:00:32]} {[%emt 00:00:08]} Kg2 {[%clk
00:00:44]} {[%emt 00:00:02]} 55. Ra2+ {[%clk 00:00:20]} {[%emt 00:00:22]} Kg3
{[%clk 00:00:53]} {[%emt 00:00:02]} 56. Rb2 {[%clk 00:00:29]} {[%emt 00:00:01]}
Bg4 {[%clk 00:00:59]} {[%emt 00:00:02]} 57. Rb1 {[%clk 00:00:38]} {[%emt
00:00:02]} Kg2 {[%clk 00:01:07]} {[%emt 00:00:01]} 58. Rb2+ {[%clk 00:00:41]}
{[%emt 00:00:07]} Kg3 {[%clk 00:01:15]} {[%emt 00:00:01]} 1/2-1/2

[Event "World Cup 2023 Open"]
[Site "Baku, Azerbaijan"]
[Date "2023.08.04"]
[Round "13.24"]
[White "Guseinov Gadir (AZE)"]
[Black "Bjerre Jonas Buhl (DEN)"]
[Result "1/2-1/2"]
[WhiteFideId "13401378"]
[BlackFideId "1444948"]
[WhiteElo "2661"]
[BlackElo "2624"]

1. e4 {[%clk 00:25:17]} {[%emt 00:00:02]} e5 {[%clk 00:25:19]} {[%emt
00:00:02]} 2. Nf3 {[%clk 00:25:24]} {[%emt 00:00:03]} Nc6 {[%clk 00:25:27]}
{[%emt 00:00:03]} 3. d4 {[%clk 00:25:24]} {[%emt 00:00:09]} exd4 {[%clk
00:25:31]} {[%emt 00:00:06]} 4. Bc4 {[%clk 00:25:33]} {[%emt 00:00:01]} Nf6
{[%clk 00:25:31]} {[%emt 00:00:10]} 5. e5 {[%clk 00:25:34]} {[%emt 00:00:09]}
Ne4 {[%clk 00:25:26]} {[%emt 00:00:14]} 6. Qe2 {[%clk 00:25:39]} {[%emt
00:00:06]} Nc5 {[%clk 00:25:34]} {[%emt 00:00:03]} 7. c3 {[%clk 00:25:47]}
{[%emt 00:00:02]} d3 {[%clk 00:25:38]} {[%emt 00:00:06]} 8. Qe3 {[%clk
00:25:44]} {[%emt 00:00:13]} Be7 {[%clk 00:25:37]} {[%emt 00:00:11]} 9. O-O
{[%clk 00:24:57]} {[%emt 00:00:56]} d6 {[%clk 00:25:19]} {[%emt 00:00:29]} 10.
exd6 {[%clk 00:22:45]} {[%emt 00:02:21]} cxd6 {[%clk 00:25:05]} {[%emt
00:00:24]} 11. Bxd3 {[%clk 00:20:05]} {[%emt 00:02:51]} Nxd3 {[%clk 00:24:41]}
{[%emt 00:00:34]} 12. Qxd3 {[%clk 00:20:13]} {[%emt 00:00:02]} O-O {[%clk
00:24:40]} {[%emt 00:00:10]} 13. Nbd2 {[%clk 00:18:44]} {[%emt 00:01:39]} Be6
{[%clk 00:23:15]} {[%emt 00:01:36]} 14. Re1 {[%clk 00:18:34]} {[%emt 00:00:21]}
Qb6 {[%clk 00:21:59]} {[%emt 00:01:25]} 15. Nf1 {[%clk 00:17:04]} {[%emt
00:01:39]} Rfe8 {[%clk 00:20:15]} {[%emt 00:01:55]} 16. Ng3 {[%clk 00:14:32]}
{[%emt 00:02:42]} h6 {[%clk 00:17:59]} {[%emt 00:02:26]} 17. Qc2 {[%clk
00:14:04]} {[%emt 00:00:38]} Rac8 {[%clk 00:15:48]} {[%emt 00:02:20]} 18. Be3
{[%clk 00:14:01]} {[%emt 00:00:13]} Qa5 {[%clk 00:15:16]} {[%emt 00:00:42]} 19.
Nd4 {[%clk 00:13:41]} {[%emt 00:00:31]} Bf6 {[%clk 00:14:29]} {[%emt 00:00:57]}
20. Nxe6 {[%clk 00:13:36]} {[%emt 00:00:15]} Rxe6 {[%clk 00:14:17]} {[%emt
00:00:21]} 21. Qb3 {[%clk 00:13:06]} {[%emt 00:00:40]} d5 {[%clk 00:13:25]}
{[%emt 00:01:02]} 22. Red1 {[%clk 00:12:25]} {[%emt 00:00:51]} Rd8 {[%clk
00:12:57]} {[%emt 00:00:38]} 23. h3 {[%clk 00:06:17]} {[%emt 00:06:18]} d4
{[%clk 00:11:54]} {[%emt 00:01:14]} 24. cxd4 {[%clk 00:06:25]} {[%emt
00:00:02]} Nxd4 {[%clk 00:11:39]} {[%emt 00:00:24]} 25. Qxb7 {[%clk 00:06:09]}
{[%emt 00:00:26]} Nc2 {[%clk 00:08:43]} {[%emt 00:03:06]} 26. Rxd8+ {[%clk
00:06:10]} {[%emt 00:00:09]} Bxd8 {[%clk 00:08:27]} {[%emt 00:00:27]} 27. Rf1
{[%clk 00:06:09]} {[%emt 00:00:11]} Nxe3 {[%clk 00:07:01]} {[%emt 00:01:36]} 28.
fxe3 {[%clk 00:06:18]} {[%emt 00:00:01]} Bf6 {[%clk 00:06:38]} {[%emt
00:00:33]} 29. Ne4 {[%clk 00:03:44]} {[%emt 00:02:44]} Qxa2 {[%clk 00:06:04]}
{[%emt 00:00:45]} 30. Qc8+ {[%clk 00:02:42]} {[%emt 00:01:11]} Kh7 {[%clk
00:06:12]} {[%emt 00:00:01]} 31. Qc2 {[%clk 00:02:51]} {[%emt 00:00:02]} Kg8
{[%clk 00:05:35]} {[%emt 00:00:47]} 32. Qc8+ {[%clk 00:01:35]} {[%emt
00:01:26]} Kh7 {[%clk 00:05:44]} {[%emt 00:00:01]} 33. Qc2 {[%clk 00:01:43]}
{[%emt 00:00:01]} Kg8 {[%clk 00:05:52]} {[%emt 00:00:03]} 1/2-1/2

[Event "World Cup 2023 Open"]
[Site "Baku, Azerbaijan"]
[Date "2023.08.04"]
[Round "13.25"]
[White "Sindarov Javokhir (UZB)"]
[Black "Ragger Markus (AUT)"]
[Result "1-0"]
[WhiteFideId "14205483"]
[BlackFideId "1610856"]
[WhiteElo "2659"]
[BlackElo "2624"]

1. e4 {[%clk 00:25:19]} {[%emt 00:06:08]} e5 {[%clk 00:25:19]} 2. Nf3 {[%clk
00:25:27]} {[%emt 00:00:01]} Nc6 {[%clk 00:25:28]} {[%emt 00:00:01]} 3. Bb5
{[%clk 00:25:35]} {[%emt 00:00:02]} Nf6 {[%clk 00:25:36]} {[%emt 00:00:02]} 4.
d3 {[%clk 00:25:39]} {[%emt 00:00:06]} Bc5 {[%clk 00:25:44]} {[%emt 00:00:02]}
5. O-O {[%clk 00:25:35]} {[%emt 00:00:14]} Nd4 {[%clk 00:25:41]} {[%emt
00:00:12]} 6. Nxd4 {[%clk 00:25:44]} {[%emt 00:00:02]} Bxd4 {[%clk 00:25:49]}
{[%emt 00:00:02]} 7. c3 {[%clk 00:25:53]} {[%emt 00:00:01]} Bb6 {[%clk
00:25:47]} {[%emt 00:00:12]} 8. Na3 {[%clk 00:26:01]} {[%emt 00:00:02]} O-O
{[%clk 00:24:34]} {[%emt 00:01:23]} 9. Bg5 {[%clk 00:25:34]} {[%emt 00:00:37]}
d5 {[%clk 00:22:16]} {[%emt 00:02:28]} 10. exd5 {[%clk 00:23:44]} {[%emt
00:02:00]} Qxd5 {[%clk 00:22:23]} {[%emt 00:00:03]} 11. Bxf6 {[%clk 00:23:42]}
{[%emt 00:00:12]} gxf6 {[%clk 00:22:31]} {[%emt 00:00:02]} 12. Bc4 {[%clk
00:22:06]} {[%emt 00:01:47]} Qc6 {[%clk 00:22:04]} {[%emt 00:00:36]} 13. Qh5
{[%clk 00:20:20]} {[%emt 00:01:56]} Qd7 {[%clk 00:22:03]} {[%emt 00:00:11]} 14.
Qh4 {[%clk 00:14:50]} {[%emt 00:05:40]} Kg7 {[%clk 00:20:02]} {[%emt 00:02:11]}
15. h3 {[%clk 00:13:40]} {[%emt 00:01:21]} Qf5 {[%clk 00:20:03]} {[%emt
00:00:08]} 16. Rae1 {[%clk 00:13:44]} {[%emt 00:00:06]} Re8 {[%clk 00:16:03]}
{[%emt 00:04:10]} 17. Re3 {[%clk 00:12:42]} {[%emt 00:01:12]} Bxe3 {[%clk
00:13:17]} {[%emt 00:02:56]} 18. fxe3 {[%clk 00:12:51]} Qg5 {[%clk 00:13:26]}
{[%emt 00:00:01]} 19. Qxg5+ {[%clk 00:13:00]} {[%emt 00:00:02]} fxg5 {[%clk
00:13:35]} 20. Rxf7+ {[%clk 00:13:08]} {[%emt 00:00:02]} Kg6 {[%clk 00:13:18]}
{[%emt 00:00:26]} 21. Rxc7 {[%clk 00:13:16]} {[%emt 00:00:02]} Be6 {[%clk
00:11:35]} {[%emt 00:01:53]} 22. Rxb7 {[%clk 00:13:19]} {[%emt 00:00:08]} h5
{[%clk 00:10:53]} {[%emt 00:00:51]} 23. Kf2 {[%clk 00:11:17]} {[%emt 00:02:13]}
Kf6 {[%clk 00:10:45]} {[%emt 00:00:17]} 24. Bxe6 {[%clk 00:08:47]} {[%emt
00:02:40]} Kxe6 {[%clk 00:10:01]} {[%emt 00:00:54]} 25. Nc4 {[%clk 00:08:55]}
{[%emt 00:00:02]} Rf8+ {[%clk 00:07:45]} {[%emt 00:02:27]} 26. Ke2 {[%clk
00:09:04]} {[%emt 00:00:01]} g4 {[%clk 00:07:49]} {[%emt 00:00:06]} 27. hxg4
{[%clk 00:08:47]} {[%emt 00:00:26]} hxg4 {[%clk 00:07:57]} {[%emt 00:00:01]} 28.
Nd2 {[%clk 00:07:31]} {[%emt 00:01:27]} Rfb8 {[%clk 00:07:29]} {[%emt
00:00:38]} 29. Rxb8 {[%clk 00:07:22]} {[%emt 00:00:19]} Rxb8 {[%clk 00:07:38]}
30. b3 {[%clk 00:07:05]} {[%emt 00:00:28]} a5 {[%emt 00:01:31]} 31. Kf2 {[%emt
00:03:32]} a4 {[%clk 00:04:25]} {[%emt 00:00:26]} 32. Kg3 axb3 {[%clk
00:04:00]} 33. axb3 {[%clk 00:05:34]} {[%emt 00:00:04]} Ra8 {[%clk 00:04:09]}
34. Kxg4 {[%clk 00:05:09]} {[%emt 00:00:35]} Ra2 {[%clk 00:04:18]} 35. Ne4
{[%clk 00:05:18]} {[%emt 00:00:01]} Rxg2+ {[%clk 00:04:04]} {[%emt 00:00:24]}
36. Kf3 {[%clk 00:05:27]} {[%emt 00:00:01]} Rb2 {[%clk 00:04:05]} {[%emt
00:00:09]} 37. b4 {[%clk 00:05:21]} {[%emt 00:00:15]} Rb1 {[%clk 00:03:32]}
{[%emt 00:00:42]} 38. Nc5+ {[%clk 00:03:38]} {[%emt 00:01:53]} Kd6 {[%clk
00:03:24]} {[%emt 00:00:18]} 39. Ne4+ {[%clk 00:02:11]} {[%emt 00:01:38]} Ke6
{[%clk 00:03:26]} {[%emt 00:00:08]} 40. Ke2 {[%clk 00:01:33]} {[%emt 00:00:47]}
Rb2+ {[%clk 00:03:33]} {[%emt 00:00:02]} 41. Kd1 {[%clk 00:01:43]} Rb1+ {[%clk
00:01:48]} {[%emt 00:01:56]} 42. Kc2 {[%clk 00:01:41]} {[%emt 00:00:11]} Re1
{[%clk 00:01:56]} {[%emt 00:00:01]} 43. Kd2 {[%clk 00:01:50]} {[%emt 00:00:01]}
Rb1 {[%clk 00:02:05]} {[%emt 00:00:01]} 44. d4 {[%clk 00:01:27]} {[%emt
00:00:33]} Kd5 {[%clk 00:02:03]} {[%emt 00:00:12]} 45. Kd3 {[%clk 00:01:33]}
{[%emt 00:00:04]} Rd1+ {[%clk 00:00:33]} {[%emt 00:01:40]} 46. Nd2 {[%clk
00:01:42]} {[%emt 00:00:01]} e4+ {[%clk 00:00:38]} {[%emt 00:00:05]} 47. Kc2
{[%clk 00:01:24]} {[%emt 00:00:28]} Re1 {[%clk 00:00:47]} {[%emt 00:00:01]} 48.
c4+ {[%clk 00:01:33]} Kc6 {[%clk 00:00:45]} {[%emt 00:00:11]} 49. Nxe4 {[%clk
00:01:35]} {[%emt 00:00:08]} Rxe3 {[%clk 00:00:54]} {[%emt 00:00:01]} 50. Nc3
{[%clk 00:01:43]} Rh3 {[%clk 00:00:59]} {[%emt 00:00:06]} 51. c5 {[%clk
00:01:51]} {[%emt 00:00:02]} Kc7 {[%clk 00:00:53]} {[%emt 00:00:16]} 52. Kb3
{[%clk 00:01:59]} {[%emt 00:00:02]} Kc6 {[%clk 00:00:59]} {[%emt 00:00:04]} 53.
Kc4 {[%clk 00:02:06]} {[%emt 00:00:03]} Rh4 {[%clk 00:01:06]} {[%emt 00:00:03]}
54. b5+ {[%clk 00:02:15]} {[%emt 00:00:01]} Kc7 {[%clk 00:01:15]} 55. Nd5+
{[%clk 00:02:23]} {[%emt 00:00:02]} Kd7 {[%clk 00:01:22]} {[%emt 00:00:03]} 56.
c6+ {[%clk 00:02:04]} {[%emt 00:00:29]} Kd6 {[%clk 00:00:17]} {[%emt 00:01:15]}
57. c7 {[%clk 00:02:12]} {[%emt 00:00:02]} Rh8 {[%clk 00:00:26]} 58. b6 {[%clk
00:02:18]} {[%emt 00:00:06]} Kc6 {[%clk 00:00:34]} {[%emt 00:00:02]} 59. Ne7+
{[%clk 00:02:22]} {[%emt 00:00:06]} 1-0